Ciencias sociales: ideología y realidad nacional

Salvato in:
Dettagli Bibliografici
Autori principali: Touraine, Alain (Autore), Nikolaus, Martin (Autore), Novikov, N. V (Autore), Flas Borda, Orlando (Autore), Menéndez, Eduardo Luis (Autore), Cárdenas, Gonzalo Horacion (Autore), Carri, Roberto (Autore), Verón, Eliseo (Autore), Delich, Francisco (Autore)
Altri autori: Marsal, Juan Francisco (autor)
Natura: Libro
Lingua:spagnolo
Pubblicazione: Buenos Aires Tiempo Contemporáneo 1970
Serie:Biblioteca de Ciencias Sociales
Soggetti:
Tags: Aggiungi Tag
Nessun Tag, puoi essere il primo ad aggiungerne!!

MARC

LEADER 00000nam a2200000 a 4500
001 UCR1105
003 CL-VaPUC
008 971212e19700000AG |||||||||||||||||spa|d
082 0 4 |a 320  |b TOU  |2 21 
100 0 |a Touraine, Alain  |e author  |9 397940 
700 0 |a Nikolaus, Martin  |e author  |9 397941 
700 0 |a Novikov, N. V  |e author  |9 397942 
700 0 |a Flas Borda, Orlando  |e author  |9 397943 
700 |a Marsal, Juan Francisco  |e autor  |9 470446 
700 0 |a Menéndez, Eduardo Luis  |e author  |9 397945 
700 0 |a Cárdenas, Gonzalo Horacion  |e author  |9 397946 
700 0 |a Carri, Roberto  |e author  |9 397947 
700 0 |a Verón, Eliseo  |e author  |9 397948 
700 0 |a Delich, Francisco  |e author  |9 397949 
245 1 0 |a Ciencias sociales: ideología y realidad nacional 
300 |a 209 p 
942 |c BK 
945 |d 19971212 00:00:00  |a rleighto 
260 |a Buenos Aires  |b Tiempo Contemporáneo  |c 1970 
650 0 |a Sociología   |9 255410 
650 7 |a CONDUCTA SOCIAL  |2 CL-VaPUC  |9 389084 
650 0 |a Ciencias sociales   |9 256351 
650 0 |a Investigación social   |9 307814 
650 0 |a Ideología  |9 255854 
583 |a last modification  |c 19971212 00:00:00  |k Rodrigo Vera 
490 0 |a Biblioteca de Ciencias Sociales 
999 |c 264596  |d 264594 
952 |0 0  |1 0  |4 0  |6 320_000000000000000_TOU_1970  |7 0  |8 A  |9 294931  |a BIBGIM  |b BIBGIM  |d 2019-11-19  |i 3373886  |o 320 TOU 1970  |p 3373886  |r 2025-01-15  |w 2019-11-19  |y BK  |k GIM 
952 |0 0  |1 0  |4 0  |6 320_000000000000000_TOU_1970  |7 0  |8 A  |9 294932  |a BIBGIM  |b BIBGIM  |d 2019-11-19  |i 3373894  |o 320 TOU 1970  |p 3373894  |r 2025-01-15  |w 2019-11-19  |y BK  |k GIM